书目信息 |
| 题名: |
建筑表现艺术 1
|
|
| 作者: | Gordon Grice 著 | |
| 分册: | ||
| 出版信息: | 天津 天津大学出版社 1999.03 |
|
| 页数: | 220页 | |
| 开本: | 16开 | |
| 丛书名: | ||
| 单 册: | ||
| 中图分类: | ||
| 科图分类: | ||
| 主题词: | 建筑设计 | |
| 电子资源: | ||
| ISBN: | 7-5618-1146-2 | |
| 000 | 00540nam0 2200193 45 | |
| 001 | 9911031603 | |
| 005 | 19991103163007.1 | |
| 010 | @a7-5618-1146-2@d148.00元 | |
| 100 | @a19991103d1999 km y0chiy0120 ea | |
| 101 | @achi | |
| 200 | 1 | @a建筑表现艺术 1@AJian Zhu Biao Xian Yi Shu 1@fGordon Grice著@FGordon Grice Zhu |
| 210 | @a天津@c天津大学出版社@d1999.03 | |
| 215 | @a220页@d16开 | |
| 606 | 0 | @a建筑设计 |
| 690 | @v3 | |
| 690 | @aTU204 | |
| 701 | @aGordon Grice@4著 | |
| 801 | @aCN@bPFTUser@c19991103 | |
| 905 | @f2@b42648-649@dTU204@eG767:1 | |
| 建筑表现艺术 1/Gordon Grice著.-天津:天津大学出版社,1999.03 |
| 220页;16开 |
| ISBN 7-5618-1146-2:148.00元 |
| ● |
| 相关链接 |
|
|
|
正题名:建筑表现艺术 1
索取号:TU204/G767:1
 
预约/预借
| 序号 | 登录号 | 条形码 | 馆藏地/架位号 | 状态 | 备注 |
| 1 | 42648 | 200426486 | 建筑与城市规划学院资料室/ [索取号:TU204/G767:1] | 在馆 | |
| 2 | 42649 | 200426495 | 建筑库101/101建筑库 108排2列4层/ [索取号:TU204/G767:1] | 在馆 | |
| 3 | 66952 | 200669525 | 建筑库101/101建筑库 108排2列4层/ [索取号:TU204/G767:1] | 在馆 | |
| 4 | 66953 | 200669534 | 建筑库101/101建筑库 108排2列4层/ [索取号:TU204/G767:1] | 在馆 | |
| 5 | 66955 | 200669552 | 建筑库101/101建筑库 108排2列4层/ [索取号:TU204/G767:1] | 在馆 | |
| 6 | 66956 | 200669561 | 自科二线404/404自科库 15排5列3层/ [索取号:TU204/G767:1] | 在馆 |